[Event "Bad Woerishofen op"]
[Site "Bad Woerishofen"]
[Date "1993.??.??"]
[Round "5"]
[White "Agnos, Demetrios"]
[Black "Bischoff, Klaus"]
[Result "1-0"]
[WhiteElo "2425"]
[BlackElo "2505"]

1.e4 c5 2.Nf3 e6 3.d4 cxd4 4.Nxd4 a6 5.Bd3 Nf6 6.O-O Qc7 7.c4 Nc6 8.Nxc6 dxc6
9.f4 e5 10.f5 Bc5+ 11.Kh1 h6 12.Nc3 Bd4 13.Bd2 b6 14.Rb1 Bb7 15.b4 Rd8 16.Qe2 O-O
17.c5 bxc5 18.bxc5 Bxc5 19.Rf3 Bd4 20.Qe1 Bxc3 21.Bxc3 c5 22.Ba5 Qe7 23.Bxd8 Rxd8
24.Bc2 c4 25.h3 Rd4 26.Re3 Qc7 27.Qb4 Bxe4 28.Bxe4 Nxe4 29.Qe1 Qc6 30.Rb8+ Kh7
31.Qb4 Qd7 32.Qf8 Qxf5 33.Rf3 Rd1+ 34.Kh2 Qxf3 35.gxf3 Rd2+ 36.Kg1 Ng5 37.Kf1 c3
38.Rc8 c2 39.Qa3 e4 40.fxe4 Nxe4 41.Qf3  1-0

[Event "Badalona op"]
[Site "Badalona"]
[Date "1993.??.??"]
[Round "3"]
[White "Adla, Diego"]
[Black "Babar, Frank"]
[Result "1/2-1/2"]
[WhiteElo "2435"]
[BlackElo "2230"]

1.e4 c5 2.Nf3 e6 3.d4 cxd4 4.Nxd4 a6 5.Bd3 Qc7 6.O-O Nf6 7.Qe2 d6 8.c4 Be7
9.Nc3 O-O 10.Kh1 b6 11.f4 Nbd7 12.Bd2 Bb7 13.Rae1 Rad8 14.f5 exf5 15.Nxf5 Rfe8
16.Nxe7+ Rxe7 17.Bg5 Rde8 18.Bxf6 Nxf6 19.Rxf6 gxf6 20.Qg4+ Kf8 21.Qh4 Re5
22.Rf1 f5 23.Qxh7 fxe4 24.Be2 Ba8 25.Qh8+ Ke7 26.Qf6+ Kf8 27.Qh6+ Ke7 28.Qf6+ Kf8
29.Rf4 R5e6 30.Qh8+ Ke7 31.Qh4+ Kf8 32.Qh8+ Ke7 33.Qh4+ Kf8 34.Bh5 Rh6 35.Qg5 Rh7
36.Bg6 Rg7 37.Qh6 Re7 38.Qh8+ Rg8 39.Qh6+ Ke8 40.Bh7 Re6 41.Rf6 Rg6 42.Rxg6 fxg6
43.Bxg6+ Kd7 44.Bf5 Qxc4 45.Bxe6+ Qxe6 46.Qh7+ Qe7 47.Qxe7+ Kxe7 48.Kg1 Ke6
49.Kf2 Ke5 50.Ke3 d5 51.Ne2 Bc6 52.g4 Bd7 53.g5 Be8 54.Nd4 Bh5 55.h4 Be8
56.b4 Bh5 57.Nc6+ Kd6 58.Nb8 Be8 59.Kd4 a5 60.bxa5 bxa5  1/2-1/2

[Event "Badalona op"]
[Site "Badalona"]
[Date "1993.??.??"]
[Round "5"]
[White "Adla, Diego"]
[Black "Munoz Moreno, Francisco Javier"]
[Result "1-0"]
[WhiteElo "2435"]
[BlackElo "2280"]

1.e4 c5 2.Nf3 e6 3.d4 cxd4 4.Nxd4 a6 5.Bd3 Nf6 6.O-O Qc7 7.Qe2 d6 8.c4 Be7
9.Nc3 O-O 10.Kh1 b6 11.f4 Nbd7 12.Bd2 Bb7 13.Rae1 Rfd8 14.Nf3 Nf8 15.Ng5 N6d7
16.Qh5 g6 17.Qh6 Bf6 18.f5 Bg7 19.Qh3 exf5 20.exf5 Re8 21.fxg6 fxg6 22.Rxe8 Rxe8
23.Nxh7 Nxh7 24.Bxg6 Nhf6 25.Bxe8 Qxc4 26.Rf4  1-0

[Event "Baden-Baden op"]
[Site "Baden-Baden"]
[Date "1993.??.??"]
[Round "4"]
[White "Herbrechtsmeier, Christof"]
[Black "Bischoff, Klaus"]
[Result "1/2-1/2"]
[WhiteElo "2285"]
[BlackElo "2515"]

1.e4 c5 2.Nf3 e6 3.d4 cxd4 4.Nxd4 a6 5.Bd3 Ne7 6.O-O Nbc6 7.Nxc6 Nxc6 8.f4 Be7
9.b3 O-O 10.Bb2 f6 11.Qh5 Rf7 12.Nd2 b5 13.Rf3 g6 14.Qh6 Bb7 15.Rh3 Qb6+
16.Kh1 Qf2 17.Nf3 Bf8 18.Qh4 Qxh4 19.Nxh4 Nb4 20.Re3 Rc8 21.Re2 Bh6 22.g3 g5
23.Ng2 Nxd3 24.cxd3 f5 25.Rc1 Rxc1+ 26.Bxc1 fxe4 27.dxe4 gxf4 28.gxf4 e5
29.Kg1 exf4 30.Rf2 Bxe4 31.Nxf4 d5 32.Bd2 Bf8 33.Ne6 Bd6 34.Bf4 Bb4 35.Be3 Bd6
36.Rxf7 Kxf7 37.Nc5 a5 38.a4 bxa4 39.bxa4 Bc7 40.Bd4 Ke7 41.Nxe4 dxe4 42.Kf2 Kd6
43.Ke3 Kd5 44.Bc3 Bb6+ 45.Kf4 Bc7+ 46.Ke3 h6 47.h3 Bd8 48.Kf4 Bb6 49.Be1 Bc7+
50.Ke3 Bd8 51.Bc3 Bc7 52.Be1 h5 53.Bc3  1/2-1/2

[Event "Baden-Baden op"]
[Site "Baden-Baden"]
[Date "1993.??.??"]
[Round "7"]
[White "Herbrechtsmeier, Christof"]
[Black "Gerstner, Wolfgang"]
[Result "0-1"]
[WhiteElo "2285"]
[BlackElo "2355"]

1.e4 c5 2.Nf3 e6 3.d4 cxd4 4.Nxd4 a6 5.Bd3 Bc5 6.Nb3 Ba7 7.Qe2 d6 8.Be3 Nf6
9.Bxa7 Rxa7 10.c4 Nc6 11.O-O O-O 12.Nc3 b6 13.Rfd1 Qc7 14.Rd2 Rd8 15.Rad1 Qb8
16.Bb1 Rad7 17.Nd4 Bb7 18.Nc2 Ne5 19.Ne3 Ng6 20.Qf1 Qa8 21.f3 Bc6 22.b4 Qa7
23.Qf2 b5 24.Bc2 Qb8 25.a3 Ne5 26.Bb3 Qc7 27.cxb5 axb5 28.Rc1 Qb7 29.Ne2 Ra8
30.Nd4 Rxa3 31.Rdc2 h6 32.Rc3 Re7 33.Ndf5 exf5 34.Nxf5 Rc7 35.Bxf7+ Nxf7
36.Rxa3 Bxe4 37.Ne7+ Rxe7 38.fxe4 Qxe4 39.Rb3 Ng4 40.Qb6 Qe1+  0-1

[Event "Balatonbereny op"]
[Site "Balatonbereny"]
[Date "1993.??.??"]
[Round "3"]
[White "Grabics, Monika"]
[Black "Videki, Sandor"]
[Result "0-1"]
[WhiteElo "2245"]
[BlackElo "2385"]

1.e4 c5 2.Nf3 e6 3.d4 cxd4 4.Nxd4 a6 5.Bd3 Bc5 6.Nb3 Ba7 7.Qe2 Nc6 8.Be3 Nf6
9.Nc3 d6 10.Bxa7 Rxa7 11.O-O-O b5 12.g4 b4 13.Nb1 O-O 14.g5 Ne8 15.Rhg1 e5
16.Bc4 a5 17.g6 hxg6 18.Rxg6 Ba6 19.Bxa6 fxg6 20.Qc4+ Kh7 21.Qxc6 Rxf2 22.N3d2 Rc7
23.Qd5 Nf6 24.Qd3 Nh5 25.Qh3 Qg5 26.Bd3 Qh6 27.Qe6 Rf6 28.Qh3 Rf2 29.Qe6 g5
30.Qxh6+ gxh6 31.Rh1 Nf4 32.Kd1 Ng2 33.b3 Ne3+ 34.Kc1 g4 35.Nc4 Nxc4 36.Bxc4 h5
37.Nd2 Kg6 38.Bd3 Kg5 39.Nc4 h4 40.Kd1 g3 41.hxg3 hxg3 42.Nxd6 Rcxc2 43.Bxc2 g2
44.Rg1 Rf1+ 45.Ke2 Rxg1 46.Kf2 Rc1 47.Kxg2 Rxc2+ 48.Kf3 Rxa2  0-1

[Event "Barcelona"]
[Site "Barcelona"]
[Date "1993.??.??"]
[Round "7"]
[White "Pablo Marin, Alejandro"]
[Black "Gavrikov, Viktor"]
[Result "1/2-1/2"]
[WhiteElo "2375"]
[BlackElo "2580"]

1.e4 c5 2.Nf3 e6 3.d4 cxd4 4.Nxd4 a6 5.Bd3 Nf6 6.O-O d6 7.Nc3 Nbd7 8.f4 g6
9.Be3 Bg7 10.Nb3 b6 11.Qe1 Bb7 12.Rd1 O-O 13.Qh4 b5 14.a3 Re8 15.g4 Rc8 16.g5 Rxc3
17.bxc3 Nxe4 18.Bxe4 Bxe4 19.Rxd6 Qc7 20.Rfd1 Qxc3 21.Qf2 Bxc2 22.Rc1 Qxb3
23.Rxc2 Nf8 24.Rcd2 Qxa3 25.Bc5 Qc3 26.R6d3 Qc4 27.Rd8 Rxd8 28.Rxd8 b4 29.Be7 e5
30.Qc5 Qxf4 31.Qc8 Qe3+ 32.Kg2 Qe2+ 33.Kg1 Qe1+ 34.Kg2 Qe4+ 35.Kg1 Qe3+ 36.Kf1 Qf3+
37.Kg1 Qe3+ 38.Kg2 Qe4+ 39.Kg1 Qe1+  1/2-1/2

[Event "Oberliga Bayern9394"]
[Site "Bayern"]
[Date "1993.??.??"]
[Round "?"]
[White "Bauer, Andreas"]
[Black "Linhart, Wolfgang"]
[Result "0-1"]
[WhiteElo "2120"]
[BlackElo "2190"]

1.e4 c5 2.Nf3 e6 3.d4 cxd4 4.Nxd4 a6 5.Bd3 Qc7 6.O-O Nf6 7.c4 Nc6 8.Nxc6 dxc6
9.f4 e5 10.f5 b5 11.Qe2 b4 12.Be3 c5 13.Nd2 Bb7 14.a3 Be7 15.h3 O-O 16.b3 Rfd8
17.Bc2 Rd7 18.Rfd1 h6 19.axb4 cxb4 20.Qf2 Rc8 21.g4 Qc6 22.Ra5 Bd6 23.Kf1 Rdd8
24.g5 hxg5 25.Bxg5 Bc5 26.Qg2 Kf8 27.Ke2 Qb6 28.Raa1 Bd4 29.Rab1 Rc5 30.Bxf6 Qxf6
31.Nf3 Ra5 32.Qg5 Qxg5 33.Nxg5 Ra2 34.Rd2 Bb6 35.Rbd1 Rxd2+ 36.Rxd2 Bd4 37.Bd3 Ra1
38.Rd1 Ra2+ 39.Rd2 Ra3 40.Bc2 Ke7 41.Kd3 a5 42.Nf3 Bc3 43.Rd1 a4 44.Nd2 Bxd2
45.Kxd2 axb3 46.Bd3 Ra2+ 47.Ke3 Rh2 48.Bf1 Rc2 49.Bd3 Rc3 50.h4 Ba6 51.Kd2 Bxc4
52.Bxc4 Rxc4 53.Ke3 b2 54.Rb1 Rc2 55.Kd3 b3 56.Ke3 Kd6 57.h5 Kc5 58.f6 gxf6
59.h6 Kb4 60.h7 Rh2 61.Rxb2 Rxh7 62.Rf2 Rh6 63.Kd3 Ka3 64.Kc3 b2 65.Rxf6 Rxf6  0-1

[Event "JUG-chT (Women)"]
[Site "Becici"]
[Date "1993.??.??"]
[Round "?"]
[White "Micic, Snezana"]
[Black "Sakotic, Jasna"]
[Result "1-0"]
[WhiteElo "2220"]
[BlackElo "2200"]

1.e4 c5 2.Nf3 e6 3.d4 cxd4 4.Nxd4 a6 5.Bd3 Bc5 6.Nb3 Ba7 7.Nc3 Nc6 8.Qe2 d6
9.Be3 b5 10.f4 b4 11.Na4 Bxe3 12.Qxe3 Rb8 13.O-O Nf6 14.Qe2 Qc7 15.Kh1 Bd7
16.e5 dxe5 17.Nac5 Bc8 18.Bxa6 exf4 19.Bxc8 Rxc8 20.Na6 Qe5 21.Qxe5 Nxe5
22.Nxb4 g5 23.Nd2 Ke7 24.a4 Rhd8 25.Nf3 Nxf3 26.gxf3 Nd5 27.Nxd5+ Rxd5 28.Rf2 f5
29.a5 h5 30.a6 Ra8 31.h4 gxh4 32.Ra4 e5 33.b4 e4 34.fxe4 fxe4 35.Rxf4 Rd1+
36.Kh2 Rg8 37.Rxh4 Rdg1 38.Rxe4+ Kd6 39.Re2 Rd1 40.a7 Ra8 41.b5 Kc5 42.c4 Rd7
43.Re5+ Kb6 44.Re6+ Kc5 45.Rc6+ Kd4 46.b6 Ke5 47.Ra5+  1-0

[Event "Benasque op"]
[Site "Benasque"]
[Date "1993.??.??"]
[Round "7"]
[White "De la Riva Aguado, Oscar"]
[Black "Forintos, Gyozo V"]
[Result "1/2-1/2"]
[WhiteElo "2400"]
[BlackElo "2410"]

1.e4 c5 2.Nf3 e6 3.d4 cxd4 4.Nxd4 a6 5.Bd3 g6 6.f4 Bg7 7.Nf3 d6 8.Nc3 Nc6
9.O-O Nf6 10.Qe1 Nd7 11.Qg3 Nc5 12.Be3 Nxd3 13.cxd3 O-O 14.Qf2 b5 15.Bb6 Qd7
16.d4 b4 17.Ne2 Qb7 18.d5 exd5 19.exd5 Ne7 20.Bd4 Bxd4 21.Qxd4 Qa7 22.Rfd1 Bb7
23.Qxa7 Rxa7 24.Rd4 Nxd5 25.Rad1 Ne3 26.R1d3 Re8 27.Ng3 Bxf3 28.gxf3 d5 29.Ne4 dxe4
30.Rxe3 Rc8 31.Rdxe4 Rc2 32.Re2 Rxe2 33.Rxe2 Rc7 34.Re8+ Kg7 35.Ra8 Rc2 36.Rxa6 Rxb2
37.Rb6 Kf8 38.Rb7 Ke8 39.Ra7 Rc2 40.Ra4 Rb2 41.a3 b3 42.Rb4 Ke7 43.a4 Kf6
44.Rb5 Ra2 45.Rxb3 Rxa4 46.Rb6+ Kg7 47.Kf2 Rxf4 48.Kg3 g5 49.Ra6 Rb4 50.Rc6 f6
51.Ra6 Kg6 52.Rc6 h5 53.Rc2 Rb3 54.Kg2 g4 55.fxg4 hxg4 56.Rc5 f5 57.Rc6+ Kg5
58.Rc5 Rd3 59.Ra5 Kf4 60.Ra4+ Ke5 61.Ra8 Rd2+ 62.Kg3 Rd3+ 63.Kg2 Ke4 64.Ra7 Ke3
65.Ra8 Rc3 66.Ra7 Rb3 67.Ra8 Rd3 68.Re8+ Kf4 69.Re2 Kg5 70.Re5 Kf6 71.Re8 Rc3
72.Kf2 Kg5 73.Re5 Kf4 74.Re2 Rf3+ 75.Kg2 Re3 76.Ra2 Rb3 77.Kf2 Rb4 78.Rc2 Ke5
79.Rc8 Rb2+ 80.Kg3 Rb3+ 81.Kf2 Rf3+ 82.Kg2 Re3 83.Kf2 Rd3 84.Ra8 Kf4 85.Ra4+ Kg5
86.Ra5 Rd2+ 87.Kg3 Re2 88.Rb5 Kf6 89.Rb8 Re3+ 90.Kf2 Rd3 91.Re8 Rf3+ 92.Kg2 Kg5
93.Ra8 Rd3 94.Ra5 Kf4 95.Ra4+ Ke3 96.Kg3 Rd1 97.Ra3+ Ke4 98.Ra4+ Ke5 99.Ra8 Rd3+
100.Kf2 Ke4 101.Re8+ Kf4 102.Re2 Rd5 103.Ra2 Kg5 104.Rb2 f4 105.Ra2 Rb5 106.Rc2 Kh4
107.Rc8 Rb2+ 108.Kg1 Kg5 109.Rf8 Rb1+ 110.Kf2 Rb2+ 111.Kg1 Rb4 112.Kf2 Rb6
113.Rf7 Rf6 114.Ra7 Rh6 115.Ra5+ Kh4 116.Rf5 f3 117.Rf8 Kg5 118.Rg8+ Rg6
119.Rxg6+ Kxg6 120.h3 Kg5 121.hxg4 Kxg4 122.Kf1 Kf4 123.Kf2 Ke4 124.Kf1 Ke3
125.Ke1  1/2-1/2

[Event "Benasque op"]
[Site "Benasque"]
[Date "1993.??.??"]
[Round "8"]
[White "Damaso, Rui"]
[Black "Cramling, Pia"]
[Result "1/2-1/2"]
[WhiteElo "2425"]
[BlackElo "2525"]

1.e4 c5 2.Nf3 e6 3.d4 cxd4 4.Nxd4 a6 5.Bd3 Bc5 6.Nb3 Ba7 7.Nc3 Nc6 8.Qg4 Nf6
9.Qg3 d6 10.h4 b5 11.h5 Bb7 12.h6 gxh6 13.Rxh6 Rg8 14.Bg5 Rg6 15.Rxg6 fxg6
16.Qh4 Kf7 17.f4 Qh8 18.e5 dxe5 19.O-O-O h6 20.fxe5 Nxe5 21.Qg3 hxg5 22.Qxe5 Bb8
23.Qxg5 Qh5 24.Qe3 Ba7 25.Qf4 Bb8 26.Qe3 Ba7 27.Qf4 Bb8  1/2-1/2

[Event "Benidorm op"]
[Site "Benidorm"]
[Date "1993.??.??"]
[Round "4"]
[White "Oltra Caurin, Ramon"]
[Black "Emms, John M"]
[Result "1/2-1/2"]
[WhiteElo "2405"]
[BlackElo "2450"]

1.e4 c5 2.Nf3 e6 3.d4 cxd4 4.Nxd4 a6 5.Bd3 Qc7 6.O-O Nf6 7.c4 Nc6 8.Nc2 Ne5
9.Ne3 Qd6 10.Bc2 Qxd1 11.Rxd1 Bc5 12.b3 Nfg4 13.Nc3 Nxe3 14.fxe3 d6 15.h3 Bd7
16.Rb1 Ke7 17.Kf2 Rhc8 18.Bd2 b5 19.cxb5 axb5 20.b4 Bb6 21.Ke2 Rc7 22.Bb3 Nc4
23.Rdc1 Rac8 24.Nd1 Nxd2 25.Kxd2 Rxc1 26.Rxc1 Rxc1 27.Kxc1 Bc6 28.Bc2 d5
29.exd5 Bxd5 30.e4 Bxa2 31.Bd3 Bc4 32.Bxc4 bxc4 33.Nb2 c3 34.Na4 Bd4 35.Kc2 Kd6
36.Nxc3 Ke5 37.Kd3 f5 38.exf5 exf5 39.b5 h5 40.Na4 Bg1 41.Nc3 g5 42.Ne2 Ba7
43.Nc3 g4 44.Na4 Kf4 45.b6 Bb8 46.hxg4 fxg4 47.Ke2 Kg3 48.Kf1 h4 49.Nc3 h3
50.Ne4+ Kf4 51.gxh3 Kxe4  1/2-1/2

[Event "Berliner Sommer"]
[Site "Berlin"]
[Date "1993.??.??"]
[Round "?"]
[White "Klovans, Janis"]
[Black "Chuchelov, Vladimir"]
[Result "1/2-1/2"]
[WhiteElo "2415"]
[BlackElo "2510"]

1.e4 c5 2.Nf3 e6 3.d4 cxd4 4.Nxd4 a6 5.Bd3 Nf6 6.O-O Qc7 7.c4 Nc6 8.Nxc6 dxc6
9.Nc3 e5 10.Be3 Ng4 11.Bd2 Be7 12.h3 Nf6 13.Be3 Nd7 14.Rc1 Nc5 15.Be2 a5
16.Qc2 O-O 17.Rfd1 b6 18.Na4 Be6 19.Rd2 Rfd8 20.Rcd1 g6 21.a3 h5 22.Rxd8+ Rxd8
23.Rxd8+ Qxd8 24.b4 axb4 25.axb4 Nd7 26.c5 bxc5 27.Nxc5 Nxc5 28.Bxc5 Bxc5
29.Qxc5 Qd2 30.Bf3  1/2-1/2

[Event "Bern op"]
[Site "Bern"]
[Date "1993.??.??"]
[Round "1"]
[White "Campora, Daniel H"]
[Black "Robovic, Saudin"]
[Result "1/2-1/2"]
[WhiteElo "2550"]
[BlackElo "2365"]

1.e4 c5 2.Nf3 e6 3.d4 cxd4 4.Nxd4 a6 5.Bd3 Nf6 6.O-O Qc7 7.Kh1 Bc5 8.Nb3 Ba7
9.f4 d6 10.a4 h5 11.Nc3 Nc6 12.Be2 Bd7 13.Bf3 e5 14.Nd5 Nxd5 15.exd5 Nd4
16.fxe5 dxe5 17.Nxd4 Bxd4 18.d6 Qxd6 19.c3 Bc5 20.Bxb7 Qxd1 21.Rxd1 Ra7 22.Bd5 a5
23.h3 Ke7 24.Bd2 Rb8 25.Ra2 Be6 26.Bxe6 Kxe6 27.Be1 Rd7 28.Rxd7 Kxd7 29.g3 Ke6
30.Kg2 f5 31.b4 axb4 32.cxb4 Bxb4 33.Bxb4 Rxb4 34.a5 Rb7 35.a6 Ra7 36.Kf3 Kd5
37.Ke3 Kc6 38.Ra5 Kd6 39.Kf3 Ke6 40.Ke3 g5 41.Kf3 g4+ 42.hxg4 hxg4+ 43.Ke3 Kf6
44.Ra1 Kg6 45.Ra2 Kg5  1/2-1/2

[Event "Bern op"]
[Site "Bern"]
[Date "1993.??.??"]
[Round "7"]
[White "Metz, Hartmut"]
[Black "Blees, Albert"]
[Result "0-1"]
[WhiteElo "2270"]
[BlackElo "2405"]

1.e4 c5 2.Nf3 e6 3.d4 cxd4 4.Nxd4 a6 5.Bd3 Bc5 6.Nb3 Ba7 7.Nc3 Nc6 8.Qe2 Nge7
9.Be3 d6 10.O-O-O b5 11.Qd2 O-O 12.f4 Qc7 13.Kb1 Bd7 14.h4 Rfb8 15.h5 b4
16.Ne2 a5 17.h6 g6 18.Nbd4 Nxd4 19.Nxd4 a4 20.f5 e5 21.Nf3 b3 22.cxb3 axb3
23.a3 Bb5 24.Bxb5 Bxe3 25.Qd3 Rxb5 26.Ne1 Qc5 27.Rh3 Bg5 28.Qe2 Qc6 29.Qg4 Bf4
30.Qe2 Ra4 31.f6 Rc4 32.Nd3 Rxe4 33.Qf2 Nd5 34.Nxf4 Rxf4  0-1

[Event "Bern op"]
[Site "Bern"]
[Date "1993.??.??"]
[Round "9"]
[White "Kunze, Markus"]
[Black "Robovic, Saudin"]
[Result "0-1"]
[WhiteElo "2320"]
[BlackElo "2365"]

1.e4 c5 2.Nf3 e6 3.d4 cxd4 4.Nxd4 a6 5.Bd3 Nf6 6.O-O Qc7 7.Qe2 d6 8.c4 Nbd7
9.b3 g6 10.Bb2 Bg7 11.Nc3 O-O 12.Rad1 b6 13.Kh1 Bb7 14.Bb1 Rad8 15.f4 Qb8
16.Rfe1 Nh5 17.Qf2 Nxf4 18.Qxf4 Bxd4 19.Rd3 Be5 20.Qg5 f5 21.Rh3 fxe4 22.Nxe4 Bxb2
23.Qh6 Rf7 24.Ng5 Rdf8 25.Bd3 Ne5 26.Nxh7 Nxd3 27.Qxg6+ Bg7 28.Qxd3 Be4  0-1

[Event "Bern op"]
[Site "Bern"]
[Date "1993.??.??"]
[Round "9"]
[White "Meijers, Viesturs"]
[Black "Gheorghiu, Florin"]
[Result "1-0"]
[WhiteElo "2380"]
[BlackElo "2475"]

1.e4 c5 2.Nf3 e6 3.d4 cxd4 4.Nxd4 a6 5.Bd3 Nf6 6.O-O d6 7.c3 Nbd7 8.Re1 g6
9.Bc2 Bg7 10.Nf3 Qc7 11.h3 O-O 12.a4 b6 13.Nbd2 Bb7 14.Nf1 e5 15.Bd2 Rfe8
16.Qc1 Nc5 17.Ng3 d5 18.exd5 Bxd5 19.Bh6 Bxh6 20.Qxh6 Bxf3 21.gxf3 Nd5 22.Nh5 f5
23.Rad1 Nf4 24.Nf6+ Kh8 25.Nxe8 Rxe8 26.Qxf4 exf4 27.Rxe8+ Kg7 28.Kg2 Kh6
29.h4 Kh5 30.b4 Nb7 31.Rde1 h6 32.R1e7 Qc6 33.Re6 Qd7 34.R8e7 Qd5 35.Rxb6 Nd8
36.Rxa6 Nf7 37.Ra5 Qa2 38.Bxf5 Kxh4 39.Be6 Qe2 40.Rxf7  1-0

[Event "Biel op"]
[Site "Biel"]
[Date "1993.??.??"]
[Round "1"]
[White "Wahls, Matthias"]
[Black "Salov, Sergei"]
[Result "1-0"]
[WhiteElo "2480"]
[BlackElo "2280"]

1.e4 c5 2.Nf3 e6 3.d4 cxd4 4.Nxd4 a6 5.Bd3 Nf6 6.O-O Qc7 7.Kh1 d6 8.f4 Nc6
9.Nxc6 bxc6 10.b3 e5 11.Nd2 Be7 12.Nc4 Be6 13.fxe5 dxe5 14.Bb2 Nd7 15.Qh5 Bf6
16.Ba3 c5 17.Ne3 O-O 18.Bc4 Nb6 19.Bxe6 fxe6 20.Ng4 Nd7 21.Bb2 Rae8 22.Rad1 g6
23.Qh3 Bg7 24.Rxf8+ Rxf8 25.Ne3 Qc6 26.Nc4 Rf7 27.Qd3 h5 28.Nd6 Re7 29.h3 Kh7
30.Ne8 Bf8 31.Qf3 Bg7 32.Rd6 Qa8 33.Nxg7 Kxg7 34.Qd3 Qe8 35.Rxa6 Qc8 36.Bc3 Qb7
37.Qd6 Kf7 38.Rc6 Qb5 39.Kh2 h4 40.Be1 g5 41.c4 Qb7 42.Rc7  1-0

[Event "Biel op"]
[Site "Biel"]
[Date "1993.??.??"]
[Round "4"]
[White "Zunker, Reinhard"]
[Black "Gheorghiu, Florin"]
[Result "0-1"]
[WhiteElo "2325"]
[BlackElo "2460"]

1.e4 c5 2.Nf3 e6 3.d4 cxd4 4.Nxd4 a6 5.Bd3 Nf6 6.O-O d6 7.c4 Be7 8.Nc3 O-O
9.Be3 Nbd7 10.Qe2 Ne5 11.Rac1 Bd7 12.Bb1 Rc8 13.b3 Qa5 14.Bd2 Qc7 15.h3 Qb8
16.Kh1 Rfe8 17.f4 Ng6 18.a4 Qc7 19.Nf3 Nh5 20.Qe1 Nhxf4 21.e5 dxe5 22.Nxe5 Nxg2
23.Bxg6 Nxe1 24.Bxf7+ Kh8 25.Rcxe1 Bc6+ 26.Nxc6 Qxc6+ 27.Ne4 Rf8  0-1

[Event "Biel op"]
[Site "Biel"]
[Date "1993.??.??"]
[Round "9"]
[White "Vehi Bach, Victor Manuel"]
[Black "Robovic, Saudin"]
[Result "1-0"]
[WhiteElo "2380"]
[BlackElo "2360"]

1.e4 c5 2.Nf3 e6 3.d4 cxd4 4.Nxd4 a6 5.Bd3 Nf6 6.O-O Qc7 7.Qe2 d6 8.c4 Nbd7
9.Nc3 Be7 10.f4 O-O 11.Kh1 Re8 12.Bd2 Bf8 13.Rae1 e5 14.fxe5 dxe5 15.Nf5 Kh8
16.Bg5 Bb4 17.Qf2 Bxc3 18.bxc3 Re6 19.Qh4 Ne8 20.Bd8 Qc5 21.Be7 Qc7 22.Re3 Ndf6
23.Bf8 Ng8 24.c5 Rf6 25.g4 Bxf5 26.exf5 Rh6 27.Qg3 e4 28.Bxe4 Qxg3 29.Rxg3 Nef6
30.Bxb7 Rxf8 31.g5 Rh4 32.gxf6 Nxf6 33.c6 Rc4 34.Rd3 Ne4 35.c7 Kg8 36.Rf4  1-0

[Event "Bonn GSK"]
[Site "Bonn"]
[Date "1993.??.??"]
[Round "?"]
[White "Luther, Thomas"]
[Black "Von Gleich, Alexander"]
[Result "1-0"]
[WhiteElo "2465"]
[BlackElo "2335"]

1.e4 c5 2.Nf3 e6 3.d4 cxd4 4.Nxd4 a6 5.Bd3 Nf6 6.O-O Qc7 7.Qe2 d6 8.c4 g6
9.Nc3 Bg7 10.Nf3 Nc6 11.Rd1 O-O 12.h3 b6 13.Be3 Nd7 14.Rac1 Nce5 15.Nxe5 Nxe5
16.b3 Bb7 17.Bb1 Rfe8 18.Qd2 Bf8 19.Na4 Nd7 20.Nxb6 Nxb6 21.Qa5 Nd5 22.Rxd5 Qxa5
23.Rxa5 Be7 24.b4 d5 25.c5 Bc6 26.exd5 exd5 27.Bd3 d4 28.Bd2 Bb5 29.Bxb5 axb5
30.Re1 Bf8 31.Rxe8 Rxe8 32.Kf1 f5 33.Ra7 d3 34.Rd7 Ra8 35.Rxd3 Rxa2 36.Rd7 Rc2
37.Ke2 Rc4 38.Rb7  1-0

[Event "Bratislava Slovan op"]
[Site "Bratislava"]
[Date "1993.??.??"]
[Round "5"]
[White "Franzen, Josef"]
[Black "Kawaciukova, Zuzana"]
[Result "1-0"]
[WhiteElo "2315"]
[BlackElo "2085"]

1.e4 c5 2.Nf3 e6 3.d4 cxd4 4.Nxd4 a6 5.Bd3 Nc6 6.Nxc6 dxc6 7.O-O Nf6 8.Nd2 Bd6
9.f4 e5 10.f5 Bc5+ 11.Kh1 h5 12.Nb3 Ba7 13.Bg5 Qc7 14.Qe2 Bd7 15.a4 h4 16.a5 O-O-O
17.Be3 c5 18.Ra3 Kb8 19.Nxc5 Bxc5 20.Rc3 Bc6 21.Bxc5 Qc8 22.b4 Nh5 23.Kg1 Rh6
24.Be3 Rh7 25.Rb1 Nf4 26.Bxf4 exf4 27.b5 axb5 28.Bxb5 Rd6 29.a6 Rh8 30.e5  1-0

[Event "Bratislava op"]
[Site "Bratislava"]
[Date "1993.??.??"]
[Round "8"]
[White "Noskov, Anatolij"]
[Black "Berezjuk, Sergej"]
[Result "1/2-1/2"]
[WhiteElo "2265"]
[BlackElo "2435"]

1.e4 c5 2.Nf3 e6 3.d4 cxd4 4.Nxd4 a6 5.Bd3 Bc5 6.Nb3 Ba7 7.O-O d6 8.Qe2 Nf6
9.Be3 Nc6 10.c4 O-O 11.Nc3 Bd7 12.Bxa7 Rxa7 13.f4 e5 14.f5 Ne7 15.g4 h6 16.Qe3 Nc8
17.Kh1 Nh7 18.Nd5 b6 19.f6 Be6 20.fxg7 Kxg7 21.Rf3 Qg5 22.Qf2 Kh8 23.Nxb6 Nxb6
24.Qxb6 Rd7 25.Rg1 Rg8 26.h3 h5 27.gxh5 Qxh5 28.Rxg8+ Kxg8 29.Rg3+ Ng5 30.Qe3 f6
31.Bf1 Rg7 32.Kh2 f5 33.exf5 Bxf5 34.Bg2 Qh4 35.c5 dxc5 36.Qxe5 Ne6 37.Rxg7+ Nxg7
38.Nxc5 Qf2 39.Nxa6 Nh5 40.Qe8+ Kg7 41.Qxh5 Qf4+ 42.Kg1 Qe3+ 43.Kh1 Qc1+
44.Kh2 Qf4+  1/2-1/2

[Event "Bratislava op"]
[Site "Bratislava"]
[Date "1993.??.??"]
[Round "9"]
[White "Ciolac, Gheorghe"]
[Black "Svobodova, Michaela"]
[Result "1-0"]
[WhiteElo "2365"]
[BlackElo "2050"]

1.e4 c5 2.Nf3 e6 3.d4 cxd4 4.Nxd4 a6 5.Bd3 Bc5 6.Nb3 Ba7 7.Qe2 d6 8.Be3 Nf6
9.c4 Bxe3 10.Qxe3 Nbd7 11.Nc3 O-O 12.O-O b6 13.Rfd1 Qc7 14.Bf1 Bb7 15.Qd4 Rfd8
16.Qxd6 Qxd6 17.Rxd6 Bxe4 18.f3 Bb7 19.Rad1 Kf8 20.Na4 Ke7 21.R1d2 b5 22.Nac5 Bd5
23.cxd5 Kxd6 24.dxe6+ Ke7 25.exd7 Nxd7 26.Nb7 Rdc8 27.Nd6 Rc7 28.Kf2 Nb6
29.Na5 g6 30.Ne4 Rd8 31.Rxd8 Kxd8 32.Nc5 Na4 33.b4 Nxc5 34.bxc5 Kd7 35.Nb3 Kc6
36.Ke3 a5 37.Bd3 f5 38.Nxa5+ Kxc5 39.Nb3+ Kb6 40.Kd4 Ra7 41.Nc1 Rc7 42.Ne2 Rd7+
43.Kc3 Kc5 44.Nc1 Re7 45.Bc2 Kb6 46.Kd2 Kc5 47.Ne2 Ra7 48.Bb3 Rd7+ 49.Ke3 Re7+
50.Kf2 Rd7 51.Nf4 Kd4 52.h4 Ke5 53.Ke3 Kf6 54.Nd5+ Ke5 55.f4+ Kd6 56.Kd4 Ra7
57.Nf6 Re7 58.g3 Re2 59.h5 Rg2 60.h6 Rh2 61.Nxh7 Rxh6 62.Ng5 Rh2 63.Ke3 Ke7
64.Bd5 Kd6 65.Bf7 Ke7 66.Bb3 Kd6 67.Nf7+ Ke7 68.Ne5 Kf6 69.Nd7+ Ke7 70.Nb6 Rg2
71.Kf3 Rd2 72.Nd5+ Kd6 73.Ne3 Kc5 74.g4 fxg4+ 75.Nxg4 Kd4 76.Nf2 Rb2 77.Ne4 Rh2
78.Ng5 Rd2 79.Ne6+ Kc3 80.Nc7 b4 81.Nd5+ Kd4 82.Nxb4 Kc5 83.Nc2 Rd6 84.Ke4 Rf6
85.Ne3 Rf8 86.Ng4 Re8+ 87.Ne5 g5 88.f5 Kd6 89.Be6 Ra8 90.Nf7+ Ke7 91.Nxg5 Kf6
92.Kf4 Ra4+ 93.Ne4+ Ke7 94.Ke5 Ra5+ 95.Bd5 Ra6 96.f6+ Kf8 97.Nc5 Ra7 98.Nd3 Ra3
99.Nf4 Re3+ 100.Kf5 Rg3 101.Ng6+  1-0

[Event "Bucharest"]
[Site "Bucharest"]
[Date "1993.??.??"]
[Round "?"]
[White "Nevednichy, Vladislav"]
[Black "Ionescu, Constantin"]
[Result "1-0"]
[WhiteElo "2495"]
[BlackElo "2475"]

1.e4 c5 2.Nf3 e6 3.d4 cxd4 4.Nxd4 a6 5.Bd3 Nf6 6.O-O Qc7 7.Qe2 d6 8.c4 Be7
9.Nc3 O-O 10.Be3 b6 11.Rac1 Bb7 12.f4 Re8 13.f5 Bd8 14.fxe6 fxe6 15.e5 dxe5
16.Rxf6 gxf6 17.Nxe6 Qf7 18.Nxd8 Rxd8 19.Bxb6 Rf8 20.Ne4 Nd7 21.Be3 Qe6 22.c5 Kh8
23.Nd6 e4 24.Bc4 Bd5 25.Bxd5 Qxd5 26.Qc4 Qc6 27.Bh6 Ne5 28.Qe6 Rae8 29.Qf5 Nd3
30.Bxf8 Rxf8 31.Rc4 Nxb2 32.Qxe4 Qc7 33.Rc2 Rb8 34.Qf4 Qe7 35.Ne4 Rb4 36.Qxf6+ Qxf6
37.Nxf6 Nd3 38.h3 Rb1+ 39.Kh2 Ne1  1-0

[Event "Budapest FS09 IM-A"]
[Site "Budapest"]
[Date "1993.??.??"]
[Round "?"]
[White "Mueller, W."]
[Black "Krutti, Valer"]
[Result "0-1"]
[WhiteElo "2325"]
[BlackElo "2350"]

1.e4 c5 2.Nf3 e6 3.d4 cxd4 4.Nxd4 a6 5.Bd3 Qc7 6.O-O Nf6 7.c4 d6 8.Nc3 Nbd7
9.h3 b6 10.Qe2 Ne5 11.f4 Nxd3 12.Qxd3 Be7 13.b3 O-O 14.Bb2 Nd7 15.f5 Ne5
16.Qg3 Kh8 17.Rad1 Bd7 18.a4 Qc5 19.Kh1 Rfe8 20.Nce2 Bf6 21.Nf4 exf5 22.Nh5 b5
23.Nxf5 Bxf5 24.Rxf5 Rg8 25.Rd5 Qb4 26.Rxf6 gxf6 27.Qh4 Rg6 28.Nxf6 Kg7 29.Rxe5 dxe5
30.Bxe5 Qd2 31.Qxh7+ Kf8 32.Ng4 Ke7 33.Qh4+ Ke6 34.c5 Rag8 35.Qh5 Qe1+ 36.Kh2 Qxe4
37.Bd6 f5 38.Qh4 fxg4 39.Qe7+ Kd5  0-1

[Event "Budapest"]
[Site "Budapest"]
[Date "1993.??.??"]
[Round "?"]
[White "Payen, Arnaud"]
[Black "Kalmar, Karoly"]
[Result "1-0"]
[WhiteElo "2340"]
[BlackElo "2270"]

1.e4 c5 2.Nf3 e6 3.d4 cxd4 4.Nxd4 a6 5.Bd3 Nf6 6.O-O Qc7 7.Qe2 d6 8.c4 Be7
9.Nc3 O-O 10.Kh1 Nc6 11.Be3 Ne5 12.f4 Nxd3 13.Qxd3 Bd7 14.Rac1 Rac8 15.b3 Qb8
16.a4 Bc6 17.f5 e5 18.Nc2 b6 19.Nb4 Qb7 20.Nxc6 Qxc6 21.Bg5 Rfe8 22.Bxf6 Bxf6
23.Rcd1 Rcd8 24.Nd5 Kh8 25.Qe3 Be7 26.Nxe7 Rxe7 27.f6 Re6 28.fxg7+ Kg8 29.Rf5 Rd7
30.Rd5 Rg6 31.h4 Qc7 32.Qh3 Rd8 33.h5 Rxg7 34.Qh4 Re8 35.Rg5 Re6 36.Rd3 Rxg5
37.Qxg5+ Kf8 38.Rg3 h6 39.Qg7+ Ke8 40.Qh8+ Ke7 41.Rg8 Qc6 42.Rc8 Qd7 43.Qf8+ Kf6
44.Qxh6+ Ke7 45.Qf8+ Kf6 46.h6 Kg5 47.h7  1-0

[Event "Elekes mem"]
[Site "Budapest"]
[Date "1993.??.??"]
[Round "2"]
[White "Holzke, Frank"]
[Black "Farago, Ivan"]
[Result "0-1"]
[WhiteElo "2380"]
[BlackElo "2510"]

1.e4 c5 2.Nf3 e6 3.d4 cxd4 4.Nxd4 a6 5.Bd3 Nf6 6.O-O Qc7 7.Kh1 d6 8.c4 g6
9.b3 Bg7 10.Bb2 O-O 11.Nd2 Nbd7 12.Rc1 b6 13.Bb1 Bb7 14.Re1 Rad8 15.h3 Nh5
16.Nf1 Nc5 17.Qd2 e5 18.Nf3 f5 19.exf5 gxf5 20.Ne3 Bh6 21.Qd1 Ng7 22.Nd5 Qf7
23.Rc3 b5 24.Bc1 Bxc1 25.Rxc1 bxc4 26.bxc4 Kh8 27.Qd2 Nge6 28.Rcd1 Qg7 29.Nh4 Nd4
30.Qc3 Nce6 31.Qg3 Qxg3 32.fxg3 f4 33.gxf4 Nxf4 34.Be4 Bxd5 35.cxd5 Nfe2
36.Nf3 Nc3 37.Rd3 Nxf3 38.gxf3 Rc8 39.a3 Rc4 40.Rc1 Nxe4  0-1